00491 2200193 4500001002100000005001500021035002000036008004100056245006200097100001300159250000600172260004700178300001200225084001400237082000800251650001400259990001200273990001200285INLIS00000000000025620240503073052 a0010-0424000232240503 0 ind 1 aStrategi Jitu Menjuarai OSN Astronomi Jilid 2 /cTIM LOPI aTIM LOPI a1 aJakarta :bPT. Bina Prestasi Insani,c2017 a226 hlm a520 TIM s a520 4aNon Fiksi a0732384 a0732385